Quizz Merveilles du Monde - Statistiques

Statistiques générales
  • Ce quiz a été pris 69 fois
  • Le résultat moyen est 11 sur 20
Statistiques - réponses
Question Réponse % Correct
Quelles sont les 7 merveilles antiques ? Colosse de Rhodes, Phare d'Alexandrie, Pyramide de Gizeh, Jardins suspendus de Babylone, Statue de Zeus, Temple d'Artémis, Mausolée d'Halicarnasse
88%
Quel est la signification d'un mausolée ? Monument funéraire grandiose construit pour abriter un tombeau
82%
En quoi l'armée de soldat en Chine est-elle construite ? Terre cuite
82%
Son épouse et sa soeur était la même personne. Vrai
76%
Le Machu Picchu est célèbre car : Il a été redécouvert au XXe siècle après avoir été oublié des Européen
73%
Pourquoi a-t-on choisi 7 merveilles du monde antique et moderne ? Parce que 7 était considéré comme un chiffre parfait et symbolique dans l’Antiquité
65%
Pourquoi l’armée de terre cuite de Chine a-t-elle été créée ? Pour accompagner le premier empereur dans l’au-delà
65%
Quelle merveille du monde antique pense-t-on ne pas avoir réellement existé ?
62%
Pour qui a été construite la Grande Pyramide de Gizeh ? Khéops
61%
Quelle est la particularité du Phare d'Alexandrie ? Il a été construit par les Grecs puis détruit par des séismes
58%
Quelle affirmation sur la Grande Pyramide de Gizeh est correcte ? Elle est parfaitement alignée avec les points cardinaux
53%
En combien de temps environ la Grande Pyramide de Gizeh a-t-elle été construite ? 20 ans
52%
A qui doit on la signification de "mausolée" ? Mausole
50%
Laquelle de ces images ne fait pas partie de 7 merveilles du monde actuelles ?
47%
Les 7 merveilles du monde antique ont été établies par : Des auteurs grecs anciens
39%
La Grande Muraille de Chine est : Un ensemble de murs construits à différentes époques
38%
Le Colosse de Rhodes est souvent représenté avec les jambes écartées au-dessus du port. Pourquoi cette image est-elle fausse ? Aucune source antique ne le décrit ainsi
29%
Quel phénomène célèbre est observé sur le Chichén Itzá à certaines dates de l’année ? Une ombre en forme de serpent sur les marches de la pyramide
29%
Pourquoi le Temple d'Artémis à Éphèse a-t-il été incendié en -356 ? Par un homme voulant devenir célèbre
18%
Qui a fait construire le Mausolée d’Halicarnasse ? Sa soeur
15%
Aucun quiz correspondant
Distribution des résultats
% des personnes avec chaque résultat
Percentile par nombre de réponses
Votre historique - résultats
Vous n’avez pas pris ce quiz